000 00638nam a22002417a 4500
001 BR6900411
003 BR-BrBNA
005 20240708155823.0
008 230509b bl.||||| |||| 00| 0 por d
040 _aBR-BrBNA
_bpor
041 _a(Por)
072 _aC00
_b/G514
090 _aC00
_bBR6900041
110 1 _aSistema Nacional de Informação Rural
_99577
245 1 _aServiços de extensão rural /
260 3 _aBrasilia, DF (Brasil):
_c[nd].
300 _a47 p.
500 _aPublished 1969?
650 _aINSTITUICAO AGRICOLA
909 _a07/2024
_bSARAH
942 _cBK
999 _c14067
_d14067